|
|
|
|
| LEADER |
00945cam a2200241 a 4500 |
| 001 |
0000078611 |
| 005 |
20051215090000.0 |
| 040 |
|
|
|a mod
|
| 041 |
|
|
|a eng
|
| 020 |
0 |
0 |
|a 0787975850
|
| 090 |
0 |
0 |
|a 371.334678
|b WAT
|e 2005
|
| 100 |
1 |
0 |
|a Watkins
|h Ryan
|
| 245 |
1 |
0 |
|a 75 e-learning activities
|b making online learning interactive
|c Ryan Watkins
|
| 260 |
0 |
0 |
|a San Francisco
|b Pfeiffer
|c 2005
|
| 300 |
0 |
0 |
|a xiii, 338 p.
|c 25 cm + 1 computer optical disk (3 1/2 in.)
|
| 500 |
0 |
0 |
|a Includes bibliographical references and index
|
| 650 |
0 |
0 |
|a Education
|x Computer network resources
|
| 650 |
0 |
0 |
|a Internet in education
|
| 650 |
0 |
0 |
|a Interactive multimedia
|
| 999 |
|
|
|a 0236699
|b 3 BGD
|d BOOKS
|e Umum
|f 3 BGD
|j AVAILABLE
|p 1
|q GOOD CONDITION
|
| 999 |
|
|
|a 02410
|b 3 BGD
|d COMPACT DISC
|e Umum
|f 3 BGD
|j AVAILABLE
|p 1
|q GOOD CONDITION
|
| 999 |
|
|
|a 0241481
|b 9 BGD
|d BOOKS
|e Umum
|f 9 BGD
|j AVAILABLE
|q GOOD CONDITION
|
| 999 |
|
|
|a 02417
|b 9 BGD
|d COMPACT DISC
|e Umum
|f 9 BGD
|j AVAILABLE
|q GOOD CONDITION
|